Gentilé des villes françaises (niveau moyen) - Statistiques

Statistiques générales
  • Ce quiz a été pris 261 fois
    259 depuis la dernière actualisation
  • Le résultat moyen est 9 sur 15
Statistiques - réponses
Hint Réponse % Correct
Troyes Troyens
87%
Saint Etienne Stéphanois
86%
Reims Rémois
81%
Montpellier Montpelliérains
79%
La Rochelle Rochelais
69%
Metz Messins
66%
Pau Palois
62%
Ajaccio Ajacciens
60%
Tours Tourangeaux
58%
Aix en Provence Aixois
57%
Poitiers Poitevins
57%
Cayenne Cayennais
51%
Le Mans Manceau
49%
Nanterre Nanterriens
35%
Vannes Vannetais
34%
Aucun quiz correspondant
Distribution des résultats
% des personnes avec chaque résultat
Percentile par nombre de réponses
Votre historique - résultats
Vous n’avez pas pris ce quiz depuis la dernière actualisation